|
|
|
|
| LEADER |
00637cam a2200217 a 4500 |
| 001 |
0000043478 |
| 005 |
19990604090000.0 |
| 040 |
|
|
|a mod
|
| 041 |
|
|
|a eng
|
| 020 |
0 |
0 |
|a 0600350606
|
| 090 |
0 |
0 |
|a 623.74603943
|b MAS
|c f
|
| 100 |
1 |
0 |
|a MASON
|h Francis K.
|
| 245 |
1 |
0 |
|a German warplanes of World War II
|c Francis K. Mason
|
| 260 |
0 |
0 |
|a Feltham Middlesex
|b Temple Press
|c 1983
|
| 300 |
0 |
0 |
|a 80p.
|b ill.
|c 32cm
|
| 440 |
0 |
0 |
|a Combat Aircraft Library
|
| 650 |
0 |
0 |
|a Aeroplanes, Military
|z Germany
|
| 650 |
0 |
0 |
|a Fighter planes
|z Germany
|
| 650 |
0 |
0 |
|a Bombers
|z Germany
|
| 852 |
0 |
0 |
|a 01
|
| 999 |
|
|
|a 0062679
|b KEMENTAH
|d BOOKS
|e Rujukan
|f Perpustakaan KEMENTAH
|j AVAILABLE
|q OLD
|